000 00526cab a2200217 4500
001 X497
008 090401t1993 xxu||||| |||| 00| 0 eng d
035 _a(Sirsi) u66001
041 _aeng
245 _aWildlife after gravel
260 _c1993
350 _a0
490 _aCS Monthly : Minerals bulletin
_v2(6) March 1993, 7(1)
650 _aGRAVEL
650 _aLAKES
650 _aQUARRYING
690 _aENVIRONMENTAL AND LAND CONSULTANCY
690 _aMINING AND MINERALS
942 _n0
948 _c04/03/1997
999 _c41240
_d41240